000 00670nam a22002297a 4500
005 20251108165348.0
008 250721s1999 xx 000 0 ara d
082 1 4 _a930/عصا
100 1 _aالموسى، عصام سليمان
245 1 0 _aالعر و ثورة الإتصال الأولي /
264 1 _aعمان :
_bوزارة الثقافة،
_c1999.
300 _a279ص
650 1 7 _aالتاريخ القديم
650 1 7 _aالتاريخ
650 1 7 _aالحضارات القديمة
650 1 7 _aالإتصال
650 1 7 _aالكتابة
650 1 7 _aالأنباط
650 1 7 _aتاريخ العرب
942 _2ddc
_cBK
999 _c26070
_d26070